00506 2200169 4500001002100000005001700021008004100038035002500079082000800104090001500112245008700127260002900214300002500243500002400268650002900292990001500321YOGYA-0411000000217620150324094801.0 ind  a0010-041100000002176 a017 aR 017bKat aKatalog induk naskah-naskah nusantara museum Sonobudoyobdisunting oleh TE Behrend aJakartabDjambatanc1990 a... jilbilusc23 cm ayang diterima Jil 1 aKatalog naskah nusantara a56071-P/95